01611cam a22003977a 4500003000500000005001700005008004100022010001000063011001000073035001000083040000900093090001000102100003700112245015300149260004100302300002200343502007700365590003700442590004100479590004100520590004100561590004200602650002800644650002800672650003000700650003700730650002500767901000700792905002400799942000900823949005500832949004200887999001700929952014000946952012701086CHAP20220329141828.0971124d1997 mx r 00110 spa d a74470 a75442 a85006 cCHAP aTesis00aRivera Herrera, Santiago.99767410aControl químico de plagas en cebolla con diferentes volúmenes de aspersión y tamaños de gota en Jolalpan, Pue.c/por Santiago Rivera Herrera aChapingo, Méx. :bEl autor,c1997. a79 h. :bgráfs. aTesis (Ing. Agr. Esp. en Fitotecnia) -- UACH. Departamento de Fitotecnia aALEPHb10c20130110lUCH01h1419 aBATCH-UPDb10c20130110lUCH01h0805 aBATCH-UPDb10c20130410lUCH01h0443 aBATCH-UPDb10c20130914lUCH01h0906 aCONVERSIONb10c20130109lUCH01h134114aCebollaxPlagas.92079314aCebollaxPuebla.92080014aControl de plagas.92759514aPesticidasxAplicación.98753924aInsecticidas.958855 aBK aMayto Villalobos S. cFOLL bBCcTESd33724000638292eTS2fc.2h31756i85006si bBCcTESd850061eTS1h31755i85006sb c74470d74470 00102local4053708TESISaBCbBCcPA_TESISd2019-12-31fTESISl0oTesisp33724000638292r2019-12-31 00:00:00tc.2w2019-12-31yTESIS 00102local4051708TESISaBCbBCcPA_TESISd2019-12-31fTESISl0oTesisp850061r2019-12-31 00:00:00w2019-12-31yTESIS